[Event "Los Gatos Fremont-South Bay"]
[Site "Los Gatos"]
[Date "2005.04.03"]
[Round "2"]
[White "Wai, Brian"]
[Black "Su, Gordon"]
[Result "1/2-1/2"]
[WhiteElo "1106"]
[BlackElo "1027"]
[PlyCount "48"]
[EventDate "2005.04.03"]
[EventType "match"]
[EventRounds "2"]
[EventCountry "USA"]
[SourceTitle "EXT 2009"]
[Source "ChessBase"]
[SourceDate "2008.11.26"]
[SourceVersion "1"]
[SourceVersionDate "2008.11.26"]
[SourceQuality "1"]

1. e4 e5 2. Nf3 d5 3. exd5 Bd6 4. Nc3 Nf6 5. Bb5+ c6 6. dxc6 Nxc6 7. 0-0 0-0 8. d4 exd4 9. Ne2 Ne5 10. Nxe5 Bxe5 11. Bg5 Qd5 12. Bxf6 Bxf6 13. Qd3 Bf5 14. Qc4 Qxc4 15. Bxc4 Rac8 16. Bd3 Bxd3 17. cxd3 Rc2 18. Rfe1 Rxb2 19. Nf4 Bg5 20. Nd5 Bh4 21. g3 Bg5 22. f4 Bf6 23. Nxf6+ gxf6 24. Re4 Rd8 1/2-1/2